000
00325nam a22001337a 4500
020
_a
1-85471-385-X
082
_a
823
_b
POT/T
100
_a
POTTER, BEATRIX
245
_a
THE TALE OF JEMIMA PUDDLE DUCK
260
_a
ENGLAND
_b
PENGUIN BOOK
_c
1993
300
_a
59
650
_a
ENGLISH SHORT STORY
_z
ENGLAND
942
_c
BK
999
_c
2086
_d
2086